000
00401nam a2200145Ia 4500
008
100122s9999 xx 000 0 und d
082
_b
31652
_a
328.454
100
_a
साठे ताराबाई
245
_a
संसद
260
_b
आर्यसंस्कृति प्रकाशन
_c
1981
300
_a
245
630
_a
संसद
730
_a
संसद
942
_c
BOOK
999
_c
416181
_d
416178